| 000 | 00354nam a2200133 a 4500 | ||
|---|---|---|---|
| 001 | 4181 | ||
| 003 | CDMR | ||
| 005 | 20130116135253.0 | ||
| 008 | 130130s1990||||||||||||||||||||||||||||d | ||
| 040 |
_aCDMR _bcat _cCDMR |
||
| 245 | 0 | _aCatàleg de publicacions periódiques 1989 | |
| 260 |
_aBellaterra _c1990 _bFacultat de Ciències de la Informació |
||
| 942 | _cMON | ||
| 999 |
_c4181 _d4181 |
||